Normal view
MARC view
- Haper W. Boyd, Ralph Westfall and Stanley F. Stasch
Entry Personal Name
001 - CONTROL NUMBER
- control field: 5410
003 - CONTROL NUMBER IDENTIFIER
- control field: OSt
005 - DATE AND TIME OF LATEST TRANSACTION
- control field: 20230728014313.0
008 - FIXED-LENGTH DATA ELEMENTS
- fixed length control field: 230728|| aca||aabn | a|a d
040 ## - CATALOGING SOURCE
- Original cataloging agency: OSt
- Transcribing agency: OSt
100 ## - HEADING--PERSONAL NAME
- Personal name: Haper W. Boyd, Ralph Westfall and Stanley F. Stasch
670 ## - SOURCE DATA FOUND
- Source citation: Work cat.: (OSt)4797: Boyd, Harper W. 1333, Marketing Research/ Text & Cases: , c2002
